| 000 | 00442nam a2200157Ia 4500 | ||
|---|---|---|---|
| 005 | 20240604034855.0 | ||
| 008 | 240331s9999 xx 000 0 und d | ||
| 020 | _a97855689025 | ||
| 082 |
_bWOM _a363 |
||
| 245 | 0 |
_aWomen Responding to Disasters : _bChallenges and Experiences from South Asia |
|
| 260 |
_aBatticaloa _bSuriya Women Development Centre _c2007 |
||
| 300 | _aix,126 p., | ||
| 650 | _aWomen | ||
| 700 | _aEmanuel, S. | ||
| 942 | _cL | ||
| 999 |
_c5695 _d5695 |
||